000 00249nam a2200109Ia 4500
008 200302s9999 xx 000 0 und d
100 _aCharles Froesch
245 _aAirport Planning
260 _bJohn Wiley & Sons Inc.
260 _c1946
300 _a250 P.,
999 _c9
_d9